| 000 | 00784nam a22002537a 4500 | ||
|---|---|---|---|
| 001 | 329 | ||
| 003 | FISKH | ||
| 005 | 20250226121551.0 | ||
| 008 | 230323b cb ||||| |||| 00| 0 eng d | ||
| 020 | _a9780545178044 | ||
| 040 |
_aFISKH _beng _cFISKH _dFISKH |
||
| 050 | _aPZ7.P2843 | ||
| 082 | _a813.54 | ||
| 100 | _aPaulsen, Gary | ||
| 245 |
_aLawn Boy / _cGary Paulsen |
||
| 250 | _aFirst Scholastic Book Clubs printing | ||
| 260 |
_aNew York _bScholastic _c2009 |
||
| 300 |
_a88 pages. _c20 cm |
||
| 505 | _aM | ||
| 520 | _aThings get out of hand for a 12-year-old boy when a neighbor convinces him to expand his summer lawn mowing business. The boy quickly learns about the beauty of capitalism. | ||
| 521 | 8 |
_a710
_bLexile |
|
| 521 | 8 |
_aM
_bRaz-Plus |
|
| 942 |
_2ddc _cBK _n0 |
||
| 999 |
_c329 _d329 |
||